书目信息 |
| 题名: |
当代中国社会变迁
|
|
| 作者: | 王义祥 著 | |
| 分册: | ||
| 出版信息: | 上海 华东师范大学出版社 2006 |
|
| 页数: | 308页 | |
| 开本: | 21cm | |
| 丛书名: | ||
| 单 册: | ||
| 中图分类: | D668 | |
| 科图分类: | ||
| 主题词: | 社会变迁--研究--中国--现代 , 社会变迁 | |
| 电子资源: | ||
| ISBN: | 7-5617-4795-0 | |
| 000 | 00747nam0 2200241 450 | |
| 001 | 003395295 | |
| 005 | 20091202085234.21 | |
| 010 | @a7-5617-4795-0@b精装@dCNY25.00 | |
| 100 | @a20070328d2006 em y0chiy0110 ea | |
| 101 | 0 | @achi |
| 102 | @aCN@b310000 | |
| 105 | @ay z 000yy | |
| 106 | @ar | |
| 200 | 1 | @a当代中国社会变迁@9dang dai zhong guo she hui bian qian@f王义祥著 |
| 210 | @a上海@c华东师范大学出版社@d2006 | |
| 215 | @a308页@d21cm | |
| 330 | @a本书包括人口变迁、婚姻家庭变迁、社会阶层变迁、农村社会变迁、城市社会变迁、政治结构变迁等内容。 | |
| 606 | 0 | @a社会变迁@x研究@y中国@z现代 |
| 606 | 0 | @a社会变迁 |
| 690 | @aD668@v4 | |
| 701 | 0 | @a王义祥@9wang yi xiang@4著 |
| 801 | 0 | @aCN@bNLC@c20091202 |
| 905 | @b794673-78@dD668@e109@f6 | |
| 当代中国社会变迁/王义祥著.-上海:华东师范大学出版社,2006 |
| 308页;21cm |
| ISBN 7-5617-4795-0(精装):CNY25.00 |
| 本书包括人口变迁、婚姻家庭变迁、社会阶层变迁、农村社会变迁、城市社会变迁、政治结构变迁等内容。 |
| ● |
| 相关链接 |
|
|
|
|
正题名:当代中国社会变迁
索取号:D668/109
 
预约/预借
| 序号 | 登录号 | 条形码 | 馆藏地/架位号 | 状态 | 备注 |
| 1 | 794673 | 207946730 | 第一样本阅览室/ [索取号:D668/109] | 在馆 | |
| 2 | 794674 | 207946749 | 第一借阅区/ [索取号:D668/109] | 在馆 | |
| 3 | 794675 | 207946758 | 第一借阅区/ [索取号:D668/109] | 在馆 | |
| 4 | 794676 | 207946767 | 第一借阅区/ [索取号:D668/109] | 在馆 | |
| 5 | 794677 | 207946776 | 第一借阅区/ [索取号:D668/109] | 在馆 | |
| 6 | 794678 | 207946785 | 第一借阅区/ [索取号:D668/109] | 在馆 |